<La> nouvelle macroéconomie keynésienne

Gespeichert in:
Bibliographische Detailangaben
1. Verfasser: Lamotte, Henri
Weitere Verfasser: Vincent, Jean-Philippe
Format: Buch
Sprache:Französisch
Veröffentlicht: Paris Presses Universitaires de France 1998
Schriftenreihe:Que sais - je ? 3323
Schlagworte:
Tags: Tag hinzufügen
Keine Tags, Fügen Sie das erste Tag hinzu!

MARC

LEADER 00000nam$a2200000$$$4500
001 0115511
005 20240111125202.5
020 |a 2-13-048806-4 
041 0 |a fre 
044 |a FR 
245 1 0 |a <La> nouvelle macroéconomie keynésienne  |c Henri Lamotte, Jean-Philippe Vincent 
264 1 |a Paris  |b Presses Universitaires de France  |c 1998 
300 |a 127 s. 
490 1 |a Que sais - je ?  |v 3323 
830 0 |a Que sais - je ?  |v 3323 
610 2 0 |a teórie ekonomické 
610 2 0 |a keynesizmus 
610 2 0 |a neokeynesizmus 
610 2 0 |a makroekonomika 
100 1 |a Lamotte, Henri 
700 1 |a Vincent, Jean-Philippe